Statistics for UFC - Brock Lesnar's PPV Opponents

Click here to take the quiz!

General Stats

  • This quiz has been taken 116 times
  • The average score is 6 of 8

Answer Stats

DateEventLocationDivisionOpponent% Correct
February 2, 2008UFC 81Las Vegas, Nevada, USAHeavyweightFrank Mir
93%
July 11, 2009UFC 100Las Vegas, Nevada, USAHeavyweightFrank Mir
93%
October 23, 2010UFC 121Anaheim, California, USAHeavyweightCain Velasquez
90%
July 9, 2016UFC 200Las Vegas, Nevada, USAHeavyweightMark Hunt
87%
November 15, 2008UFC 91Las Vegas, Nevada, USAHeavyweightRandy Couture
84%
December 30, 2011UFC 141Las Vegas, Nevada, USAHeavyweightAlistair Overeem
77%
July 3, 2010UFC 116Las Vegas, Nevada, USAHeavyweightShane Carwin
77%
August 9, 2008UFC 87Minneapolis, Minnesota, USAHeavyweightHeath Herring
48%

Score Distribution

Percentile by Number Answered

Percent of People with Each Score

Your Score History

You have not taken this quiz